Statistics for Countries With "Er" in Their Name

Click here to take the quiz!

General Stats

  • This quiz has been taken 177 times
  • The average score is 10 of 15

Answer Stats

% Correct
AfricaNigER
88%
AfricaNigERia
88%
South AmericaPERu
84%
EuropeGERmany
81%
AfricaERitrea
73%
AfricaAlgERia
72%
EuropeSwitzERland
70%
EuropeNethERlands
68%
EuropeSERbia
68%
EuropeBosnia and HERzegovina
54%
AfricaLibERia
53%
AsiaAzERbaijan
43%
AfricaCamERoon
43%
AfricaSiERra Leone
43%
AfricaCape VERde
36%

Score Distribution

Percentile by Number Answered

Percent of People with Each Score

Your Score History

You have not taken this quiz